000 00436nam a2200157Ia 4500
008 231221s9999 xx 000 0 und d
020 _a9780000000000
041 _aEnglish
082 _a658.409 LAF;1
100 _aLafley, A G. Charan Ram.
245 0 _aGame-changer : how you can drive revenue and profit growth with innovation
250 _a1st ed.
260 _c2008
_bPengwin
_aNew Delhi
300 _axii, 336
942 _cBM
999 _c215578
_d215578